🎶Paroles "Va où le vent te mène" Angelo Branduardi - Statistiques

Statistiques générales
  • Ce quiz a été pris 6 fois
  • Le résultat moyen est 192 sur 253
Statistiques - réponses
Mots % Correct
l'
100%
la
100%
la,
100%
le
100%
Le
100%
mène,
100%
100%
t'
100%
te
100%
Va
100%
va!
100%
va.
100%
vent
100%
dans
83%
des
83%
amène,
67%
en
67%
Et
67%
les
67%
vie
67%
Au
50%
du
50%
Il
50%
nuit
50%
qui
50%
si
50%
tes
50%
aime
33%
Belle,
33%
bras
33%
claire
33%
Danse-
33%
éventail.
33%
éventail
33%
fort
33%
Laisse
33%
mots
33%
poussière
33%
tomber
33%
tu
33%
vas.
33%
voiles.
33%
voiles
33%
bien
17%
bon
17%
enchaînent.
17%
gouvernail.
17%
monde
17%
Oublie
17%
premier
17%
rails
17%
rythme
17%
Serre-
17%
sourira.
17%
faut
0%
lever
0%
Aucun quiz correspondant
Distribution des résultats
% des personnes avec chaque résultat
Percentile par nombre de réponses
Votre historique - résultats
Vous n’avez pas pris ce quiz